Del mutualismo al sindicalismo en México : (Record no. 13729)

MARC details
000 -CABECERA
campo de control de longitud fija 00658nam a2200217 a 4500
005 - FECHA Y HORA DE LA ÚLTIMA TRANSACCIÓN
campo de control 20240419064015.0
008 - ELEMENTOS DE LONGITUD FIJA--INFORMACIÓN GENERAL
campo de control de longitud fija 991125s1991 mx 000 0 spa u
020 ## - NÚMERO INTERNACIONAL NORMALIZADO PARA LIBROS
Número Internacional Estándar del Libro 9686125477
035 ## - NÚMERO DE CONTROL DEL SISTEMA
Número de control de sistema UPN01000013729
049 ## - COLECCIÓN
Colección CG
050 #4 - SIGNATURA TOPOGRÁFICA DE LA BIBLIOTECA DEL CONGRESO
Número de clasificación HD6532
Número de documento/Ítem L33
100 1# - ASIENTO PRINCIPAL--NOMBRE PERSONAL
Nombre de persona Leal, Juan Felipe
9 (RLIN) 28968
245 10 - MENCIÓN DE TÍTULO
Título Del mutualismo al sindicalismo en México :
Resto del título 1843-1910 /
Mención de responsabilidad, etc. Juan Felipe Leal.
260 ## - PUBLICACIÓN, DISTRIBUCIÓN, ETC.
Lugar de publicación, distribución, etc. México :
Nombre del editor, distribuidor, etc. El Caballito,
Fecha de publicación, distribución, etc. 1991.
300 ## - DESCRIPCIÓN FÍSICA
Extensión 167 p.
440 #0 - MENCIÓN DE SERIE/ASIENTO SECUNDARIO--TÍTULO
Título Fragua mexicana
650 #4 - ASIENTO SECUNDARIO DE MATERIA - TERMINO TEMATICO
Término de materia o nombre geográfico como elemento de entrada MUTUALISMO (ECONOMIA)
650 #4 - ASIENTO SECUNDARIO DE MATERIA - TERMINO TEMATICO
Término de materia o nombre geográfico como elemento de entrada SINDICATOS -
Subdivisión geográfica MEXICO -
Subdivisión general HISTORIA
9 (RLIN) 4561
650 #4 - ASIENTO SECUNDARIO DE MATERIA - TERMINO TEMATICO
Término de materia o nombre geográfico como elemento de entrada Trabajo y trabajadores
Subdivisión geográfica México
Subdivisión general Historia
9 (RLIN) 10850
905 ## - TIPO DE MATERIAL
Tipo de material Libro
Holdings
Estado de retiro Estado de pérdida Fuente del sistema de clasificación o colocación Estado dañado No para préstamo Código de colección Localización permanente Ubicación/localización actual Ubicación en estantería Total de préstamos Clasificación Código de barras Fecha visto por última vez Número de copia Tipo de ítem Koha
    Library of Congress Classification     Colección General Bib. Gregorio Torres Quintero Bib. Gregorio Torres Quintero Planta baja 1 HD6532 L33 151154 31/12/2020 1 Libro
    Library of Congress Classification     Colección General Bib. Gregorio Torres Quintero Bib. Gregorio Torres Quintero Planta baja 1 HD6532 L33 151152 31/12/2020 1 Libro
    Library of Congress Classification     Colección General Bib. Gregorio Torres Quintero Bib. Gregorio Torres Quintero Planta baja 3 HD6532 L33 151153 31/12/2020 1 Libro